00772cam a22002174a 4500008004100000010001700041020002600058020003200084040001800116050001900134245007400153260007000227300002100297490004800318504004100366650003300407650002600440653003000466653003200496700002600528061215s2006 sp b 000 0 spa  a 2007417284 a386527286X (Vervuert) a8484892638 (Iberoamericana) aDLCcDLCdDCL00aP47b.H57 200600aHistoria de la lengua y critica textual /cLola Pons Rodriguez (ed.). aMadrid :bIberoamericana ;aFrankfurt am Main :bVervuert,c2006. a334 p. ;c23 cm.0 aLingèuâistica iberoamericana ;vvol. 29 aIncludes bibliographical references. 0aCriticism, TextualxHistory. 0aLinguisticsxHistory. aCritica textualaHistoria aLingèuâisticaaHistoria1 aPons Rodriguez, Lola.